La compensación económica en la nueva ley de matrimonio civil
Gespeichert in:
| Hauptverfasser: | , |
|---|---|
| Format: | Buch |
| Sprache: | Spanisch |
| Veröffentlicht: |
Santiago
Jurídica de Chile
2007
|
| Ausgabe: | 1a. ed |
| Schlagworte: | |
| Tags: |
Tag hinzufügen
Keine Tags, Fügen Sie den ersten Tag hinzu!
|
MARC
| LEADER | 00000nam a2200000 a 4500 | ||
|---|---|---|---|
| 001 | UCI2619 | ||
| 003 | CL-VaPUC | ||
| 008 | 070831e20070000CL |||||||||||||||||spa|d | ||
| 020 | |a 9789561017962 | ||
| 082 | 0 | 4 | |a 346.83016 |b VEN |2 21 |
| 100 | 0 | |a Venegas Ortiz, Pablo Omar |e author |9 523675 | |
| 700 | 0 | |a Venegas Alfaro, Andrés Alfonso |e author |9 523676 | |
| 245 | 1 | 3 | |a La compensación económica en la nueva ley de matrimonio civil |
| 250 | |a 1a. ed | ||
| 300 | |a 118 p | ||
| 942 | |c BK | ||
| 945 | |d 20070831 00:00:00 |a jtorresc | ||
| 260 | |a Santiago |b Jurídica de Chile |c 2007 | ||
| 650 | 0 | |a Matrimonio civil |9 385406 | |
| 650 | 0 | |a Derecho y legislación |9 255077 | |
| 583 | |a last modification |c 20070831 00:00:00 |k Rodrigo Vera | ||
| 999 | |c 327104 |d 327102 | ||
| 952 | |0 0 |1 0 |4 0 |6 346_830160000000000_VEN_2007 |7 0 |8 A |9 409542 |a BIBDER |b BIBDER |d 2019-11-22 |i 4367804 |l 2 |o 346.83016 VEN 2007 |p 4367804 |r 2023-11-20 |s 2023-11-10 |w 2019-11-22 |y BK |k DER | ||